000 00581cam a22001811 4500
001 45519
090 _a45519
100 _a19940104d1945 m y0pory5003 ba
101 0 _apor
102 _aPT
200 1 _aOs derivados do leite na alimentacão e na indústria
_fF. Vieira de Sá
210 9 _aLisboa
_cEdições Cosmos,
_dimp. 1945
215 _a132, [4] p.
_cil.
_d19 cm
225 2 _aBiblioteca Cosmos
_v88
_h7.ª seccão.
_iProblemas do nosso tempo. Produção Animal na Civilização
_v12
675 _a637.1
700 1 _aSá,
_bFernando Vieira de,
_f1914-2015
801 0 _aPT
_bBN
_gRPC
990 _cMON